Paul's understanding of the church's mission : (Record no. 7700)
[ view plain ]
| 000 -LEADER | |
|---|---|
| fixed length control field | 01361cam a2200349Ii 4500 |
| 001 - CONTROL NUMBER | |
| control field | 74669672 |
| 003 - CONTROL NUMBER IDENTIFIER | |
| control field | OCoLC |
| 005 - DATE AND TIME OF LATEST TRANSACTION | |
| control field | 20190215164657.0 |
| 008 - FIXED-LENGTH DATA ELEMENTS--GENERAL INFORMATION | |
| fixed length control field | 061030s2006 orua b 001 0 eng d |
| 020 ## - INTERNATIONAL STANDARD BOOK NUMBER | |
| International Standard Book Number | 1597527238 |
| 020 ## - INTERNATIONAL STANDARD BOOK NUMBER | |
| International Standard Book Number | 9781597527231 |
| 040 ## - CATALOGING SOURCE | |
| Original cataloging agency | EXC |
| Description conventions | rda |
| Transcribing agency | EXC |
| Modifying agency | OCLCG |
| Language of cataloging | eng |
| 082 ## - DEWEY DECIMAL CLASSIFICATION NUMBER | |
| Classification number | 266 |
| Item number | P7735p |
| 090 ## - LOCALLY ASSIGNED LC-TYPE CALL NUMBER (OCLC); LOCAL CALL NUMBER (RLIN) | |
| Classification number (OCLC) (R) ; Classification number, CALL (RLIN) (NR) | BS2655.M57 |
| Local cutter number (OCLC) ; Book number/undivided call number, CALL (RLIN) | P58 2006 |
| 100 1# - MAIN ENTRY--PERSONAL NAME | |
| Personal name | Plummer, Robert L. |
| Fuller form of name | (Robert Lewis), |
| Dates associated with a name | 1971- |
| 245 10 - TITLE STATEMENT | |
| Title | Paul's understanding of the church's mission : |
| Remainder of title | did the Apostle Paul expect the early Christian communities to evangelize? / |
| Statement of responsibility, etc. | Robert L. Plummer |
| 264 #1 - PRODUCTION, PUBLICATION, DISTRIBUTION, MANUFACTURE, AND COPYRIGHT NOTICE | |
| Place of production, publication, distribution, manufacture | Eugene, OR : |
| Name of producer, publisher, distributor, manufacturer | Wipf and Stock, |
| Date of production, publication, distribution, manufacture, or copyright notice | 2006 |
| 300 ## - PHYSICAL DESCRIPTION | |
| Extent | xviii, 190 pages : |
| Other physical details | ill ; |
| Dimensions | 23 cm |
| 336 ## - CONTENT TYPE | |
| Content type term | text |
| Content type code | txt |
| Source | rdacontent |
| 337 ## - MEDIA TYPE | |
| Media type term | unmediated |
| Media type code | n |
| Source | rdamedia |
| 338 ## - CARRIER TYPE | |
| Carrier type term | volume |
| Carrier type code | nc |
| Source | rdacarrier |
| 440 #0 - SERIES STATEMENT/ADDED ENTRY--TITLE | |
| Title | Paternoster biblical monographs |
| 500 ## - GENERAL NOTE | |
| General note | Revision of the author's dissertation: The church's missionary nature : the Apostle Paul and his churches, Southern Baptist Theological Seminary, 2001 |
| 504 ## - BIBLIOGRAPHY, ETC. NOTE | |
| Bibliography, etc. note | Includes bibliographical references (pages [147]-175) and indexes |
| 600 00 - SUBJECT ADDED ENTRY--PERSONAL NAME | |
| Personal name | Paul, |
| Titles and other words associated with a name | the Apostle, Saint |
| 630 00 - SUBJECT ADDED ENTRY--UNIFORM TITLE | |
| Uniform title | Bible. |
| Name of part/section of a work | N.T. |
| -- | Epistles of Paul |
| 650 #0 - SUBJECT ADDED ENTRY--TOPICAL TERM | |
| Topical term or geographic name entry element | Mission of the church |
| 650 #0 - SUBJECT ADDED ENTRY--TOPICAL TERM | |
| Topical term or geographic name entry element | Missions |
| General subdivision | Theory |
| 650 #0 - SUBJECT ADDED ENTRY--TOPICAL TERM | |
| Topical term or geographic name entry element | Evangelistic work |
| 650 #0 - SUBJECT ADDED ENTRY--TOPICAL TERM | |
| Topical term or geographic name entry element | Church history |
| Chronological subdivision | Primitive and early church, ca. 30-600 |
| 942 ## - ADDED ENTRY ELEMENTS (KOHA) | |
| Source of classification or shelving scheme | Dewey Decimal Classification |
| Koha item type | Books |
| Withdrawn status | Lost status | Source of classification or shelving scheme | Damaged status | Not for loan | Collection code | Home library | Current library | Shelving location | Date acquired | Cost, normal purchase price | Total Checkouts | Full call number | Barcode | Date last seen | Price effective from | Koha item type |
|---|---|---|---|---|---|---|---|---|---|---|---|---|---|---|---|---|
| Dewey Decimal Classification | Non-fiction | Harvest Mission College | Harvest Mission College | General Stacks | 15.02.2019 | 300.00 | 266 P7735p | 008791 | 15.02.2019 | 15.02.2019 | Books |
